000 00415nam a22001817a 4500
999 _c6376
_d6374
005 20210825133017.0
008 200521b xxu||||| |||| 00| 0 eng d
020 _a9788174731777
041 _aeng
082 _a614 NEG
100 _aKUMAR,N
_95159
245 _aA TEXTBOOK OF PHARMACOLOGY
250 _a3'rd
260 _aDelhi
_bAITBS PUBLISHERS
300 _a317p.
650 _aPharmacy
_96621
942 _cBK